000 00511cam a22002171 4500
001 sa 65003769
003 DLC
005 20260227112125.0
008 890510s1962 xx 000 0 urdo
010 _asa 65003769
035 _a(OCoLC)23575580
040 _aDLC
_cMiU
_dDLC
042 _apremarc
050 0 0 _aBJ1291
_b.G5
100 1 _aGilani, Asad,
_d1922-
245 1 0 _aMusalmān ke roz o shab.
260 _c[1962]
300 _a230 p.
_c19 cm.
500 _aRomanized.
650 0 _aIslamic ethics
999 _c63347
_d63347